| 000 | 01026nam a22003017a 4500 | ||
|---|---|---|---|
| 003 | CHAP | ||
| 005 | 20220817042504.0 | ||
| 008 | 971013s1987 r 10010 d | ||
| 010 | _a46083 | ||
| 011 | _a47055 | ||
| 035 | _a51196 | ||
| 040 | _cCHAP | ||
| 082 |
_a636.08 _bR46 1987 |
||
| 111 | 0 | 0 |
_aReunión de Investigación Pecuaria en México ( _d1987 _c: México, D. F.) |
| 245 | _aMemoria | ||
| 260 |
_aMéxico, D. F. : _bSecretaría de Agricultura y Recursos Hidráulicos, _c1987 |
||
| 300 | _a444 p. | ||
| 590 |
_aBATCH-UPD _b10 _c20130110 _lUCH01 _h2004 |
||
| 590 |
_aBATCH-UPD _b10 _c20130410 _lUCH01 _h1324 |
||
| 590 |
_aBATCH-UPD _b10 _c20130914 _lUCH01 _h1459 |
||
| 590 |
_aCONVERSION _b10 _c20130109 _lUCH01 _h1325 |
||
| 650 | 1 | 4 |
_aGanadería _xGongresos. _944740 |
| 650 | 1 | 4 |
_aGanadería _xInvestigación _zMéxico. _944808 |
| 710 | 0 |
_aInstituto Nacional de Investigaciones Forestales. México. _959336 |
|
| 901 | _aBK | ||
| 942 | _cLIBRO | ||
| 949 |
_a636.08 R46 1987 _bBC _cCONG _d33724000483798 _eCONG _h71763 _i51196 _si |
||
| 999 |
_c46083 _d46083 |
||